Placement learning in mental health nursing : (رقم التسجيلة. 35392)

تفاصيل مارك
000 -الفاتح
حقل البيانات ثابتة الطول 02090cam a22003734a 4500
001 - رقم الضبط
رقم الضبط 16844201
003 - محدد رقم الضبط
رقم الضبط OSt
005 - وقت وتاريخ اخر تعامل مع التسجيلة
رقم الضبط 20150408114221.0
008 - عناصر البيانات ثابتة الطول - معلومات عامة
حقل البيانات ثابتة الطول 110622s2012 stka b 000 0 eng
010 ## - رقم ضبط مكتبة الكونجرس
رقم ضبط مكتبة الكونجرس 2011026585
020 ## - الرقم الدولى المعيارى للكتب
الرقم الدولى المعيارى للكتاب 9780702043031
035 ## - رقم ضبط النظام
رقم ضبط النظام (DNLM)101563195
040 ## - مصدر الفهرسة
وكالة الفهرسة الأصلية DNLM/DLC
وكالة النسخ DLC
042 ## - رمز التحقق
رمز التحقق pcc
050 00 - رقم طلب مكتبة الكونجرس
رقم التصنيف RC440
رقم المادة .S72 2012
060 10 - رقم الطلب بالمكتبة الطبية الوطنية
رقم التصنيف WY 160
082 00 - رقم تصنيف ديوى العشرى
رقم التصنيف 616.890231 SGP
رقم الطبعة 23
100 1# - المدخل الرئيسى - إسم شخصى
الإسم الشخصى Stacey, Gemma.
9 (RLIN) 45907
245 10 - بيان العنوان
العنوان Placement learning in mental health nursing :
بقية العنوان a guide for students in practice /
بيان المسئوليه,etc Gemma Stacey, Anne Felton, Paul Bonham ; with a contribution from Victoria Baldwin.
260 ## - PUBLICATION, DISTRIBUTION, ETC. (IMPRINT)
مكان الناشر او الموزع Edinburgh :
اسم الناشر او الموزع Bailliere Tindall/Elsevier,
تاريخ النشر أو التوزيع 2012.
300 ## - الوصف المادى
التعداد xvii, 243 p. :
تفاصيل ماديه اخرى للوعاء ill. ;
أبعاد الوعاء 19 cm.
504 ## - تبصرة ببليوجرافية
تبصرة ببليوجرافية,الخ Includes bibliographical references.
505 0# - تبصرة محتويات-الفهرس
تبصرة المحتويات المصاغة Mental health services and nursing development and practice -- Introduction to the nature and impact of mental health problems -- Principles of contemporary mental health practice -- Mental health practice learning -- The practicalities of mental health placements -- Broad skills for mental health nursing -- Forming, maintaining, and ending therapeutic relationships -- Collaborative approach to nursing -- Working with people to make choices about their treatment -- Working with people who hear voices or express unusual beliefs -- Working with people who are anxious or low in mood -- Assessing and managing risk -- Handling difficult situations -- Demonstrating leadership in a mental health setting -- The service user experience -- Turning challenges into opportunities in mental health placements.
650 #0 - المدخل الاضافى بالموضوع-مصطلح موضوعى
مصطلح موضوعي أو اسم جغرافي كعنصر مدخل Psychiatric nursing.
650 #0 - المدخل الاضافى بالموضوع-مصطلح موضوعى
مصطلح موضوعي أو اسم جغرافي كعنصر مدخل Psychiatric nursing
التقسيم الفرعي العام Study and teaching.
9 (RLIN) 45908
650 12 - المدخل الاضافى بالموضوع-مصطلح موضوعى
مصطلح موضوعي أو اسم جغرافي كعنصر مدخل Psychiatric Nursing.
650 22 - المدخل الاضافى بالموضوع-مصطلح موضوعى
مصطلح موضوعي أو اسم جغرافي كعنصر مدخل Internship and Residency.
9 (RLIN) 45909
650 22 - المدخل الاضافى بالموضوع-مصطلح موضوعى
مصطلح موضوعي أو اسم جغرافي كعنصر مدخل Psychiatric Nursing
التقسيم الفرعي العام education.
9 (RLIN) 45910
700 1# - المدخل الاضافى - اسم شخصى
الإسم الشخصى Felton, Anne.
9 (RLIN) 45911
700 1# - المدخل الاضافى - اسم شخصى
الإسم الشخصى Bonham, Paul.
9 (RLIN) 45912
906 ## - عنصر بيانات محلى F, LDF (RLIN)
a 7
b cbc
c orignew
d 1
e ecip
f 20
g y-gencatlg
942 ## - عناصر المدخل الإضافي( كوها)
مصدر التصنيف او مخطط الترفيف Dewey Decimal Classification
Koha [default] item type كتاب
المقتنيات
حالة الفقد نموذج السعر الفعال حالة تلف ليس للاعارة رقم الطلب رقم النسخة تاريخ الاكتساب الموقع الحالي الباركود الفرع الرئيسي Date last seen نوع المادة فى نظام كوها مصدر التصنيف او خطة الترفيف Total Checkouts
  2014-06-24   Not For Loan 616.890231 SGP 1 2014-06-24 المكتبة المركزية بالمجمعة (CL) 00307418 المكتبة المركزية بالمجمعة (CL) 2014-06-24 كتاب Dewey Decimal Classification  
  2014-06-24     616.890231 SGP 2 2014-06-24 المكتبة المركزية بالمجمعة (CL) 00307419 المكتبة المركزية بالمجمعة (CL) 2014-06-24 كتاب Dewey Decimal Classification